000 00519nam a22001577a 4500
005 20251108164205.0
008 250721s2000 xx 000 0 ara d
082 1 4 _a414/قوق
100 1 _aقوقزة، نواف
245 1 0 _aنظرية التشكيل الإستعاري في البلاغة و النقد :
_bدراسة تطبيقية في شعر عمر النص /
264 1 _aعمان :
_bوزارة الثقافة،
_c2000.
300 _a407ص.
650 1 7 _aالبلاغة
942 _2ddc
_cBK
999 _c5943
_d5943